|
|
|
|
| LEADER |
01421nam a2200289 a 4500 |
| 001 |
00016979 |
| 003 |
BD-DhAAL |
| 008 |
090520s2004 nyua b 001 0 eng d |
| 010 |
|
|
|a 2004011210
|
| 020 |
|
|
|a 1859962734
|
| 040 |
|
|
|a DLC
|c DLC
|d DLC
|d BD-DhAAL
|
| 082 |
0 |
0 |
|a 572.6
|2 22
|
| 100 |
1 |
|
|a Twyman, Richard M.
|9 26491
|
| 245 |
1 |
0 |
|a Principles of proteomics /
|c Richard M. Twyman.
|
| 260 |
|
|
|a New York :
|b BIOS Scientific Publishers,
|c 2004.
|
| 300 |
|
|
|a xiii, 241 pages :
|b color illustration ;
|c 25 cm
|
| 490 |
1 |
|
|a Advanced text
|
| 504 |
|
|
|a Includes bibliographical references and index.
|
| 526 |
|
|
|a MNS
|x Professor Naiyyum Choudhury
Department of Mathematics and Natural Sciences
BRAC University
|
| 541 |
1 |
|
|e 00016979
|a Paragon Enterprises LTD.
|
| 650 |
|
0 |
|a Proteomics.
|9 26492
|
| 830 |
|
|
|a Advanced text
|9 57847
|
| 852 |
4 |
|
|a Ayesha Abed Library
|c General Stacks
|
| 942 |
|
|
|2 ddc
|c BK
|
| 999 |
|
|
|c 937
|d 937
|
| 952 |
|
|
|0 0
|1 0
|2 ddc
|4 0
|6 572_600000000000000_TWY
|7 0
|9 857
|a BRACUL
|b BRACUL
|c GEN
|d 2009-06-15
|e Paragon Enterprises LTD
|g 4239.00
|l 10
|m 70
|o 572.6 TWY
|p 3010016979
|r 2025-06-21
|s 2025-06-01
|t 1
|w 2009-06-15
|y BK
|x Requisitioned by Professor Naiyyum Choudhury.
|
| 952 |
|
|
|0 0
|1 0
|2 ddc
|4 0
|6 572_600000000000000_TWY_2004
|7 0
|9 10141
|a BRACUL
|b BRACUL
|c GEN
|d 2010-05-13
|e Paragon Enterprises LTD
|g 4239.00
|l 9
|m 73
|o 572.6 TWY
|p 3010016980
|q 2026-04-26
|r 2025-12-11
|s 2025-12-11
|t 2
|w 2010-05-13
|y BK
|x Requisitioned by Professor Naiyyum Choudhury.
|